[Event "Ch Sweden (team) 1998/99"]
[Site "masterchessopen.com Sweden"]
[Round "5"]
[White "Svensson Sven (SWE)"]
[Black "Bengtsson Bo (SWE)"]
[Result "1-0"]
[WhiteElo "2228"]
[BlackElo "2300"]

1.d4 Nf6 2.c4 e6 3.Nc3 Bb4 4.Qc2 d6 5.Nf3 Nbd7 6.a3 Bxc3+ 7.Qxc3 Qe7 8.b4 b6
9.g3 Bb7 10.Bg2 O-O 11.O-O Ne4 12.Qc2 f5 13.Ng5 Nxg5 14.Bxb7 Rad8 15.Bg2 Nb8
16.h4 Nf7 17.e4 Qf6 18.exf5 Qxf5 19.Be4 Qh5 20.Be3 e5 21.Bd5 Kh8 22.Rae1 Rde8
23.f4 exd4 24.Bf3 Qg6 25.Qxg6 hxg6 26.Bxd4 Nh6 27.Kf2 Nf5 28.Bc3 Nd7 29.Bc6
Rd8 30.Rh1 Nb8 31.Ba4 c6 32.Re6 d5 33.h5 g5 34.h6 d4 35.hxg7+ Kxg7 36.Bb2 gxf4
37.gxf4 Ne3 38.Rxe3 Rxf4+ 39.Rf3 Rdf8 40.Rxf4 Rxf4+ 41.Ke2 Re4+ 42.Kd2 Kf6
43.Rh8 Nd7 44.Bxc6 Ne5 45.Bxe4 {#r} 1-0

[Event "Ch Poland (team) (2nd liga)"]
[Site "masterchessopen.com Wisla (Poland)"]
[Round "0"]
[White "Stohl Igor (SVK)"]
[Black "Panczyk Krzysztof (POL)"]
[Result "1-0"]
[WhiteElo "2540"]
[BlackElo "2365"]

1.d4 Nf6 2.c4 e6 3.Nc3 Bb4 4.Qc2 d6 5.Bg5 h6 6.Bh4 Nbd7 7.e3 b6 8.Ne2 c5 9.a3
Ba5 10.Rb1 Bxc3+ 11.Nxc3 cxd4 12.exd4 O-O 13.Bd3 Bb7 14.O-O a6 15.b4 Rc8
16.Qd2 e5 17.d5 e4 18.Be2 Re8 19.Qd4 Qe7 20.Na4 e3 21.Bxf6 Nxf6 22.Nxb6 exf2+
23.Rxf2 Rcd8 24.Bf3 a5 25.Re2 Qc7 26.Rbe1 Rxe2 27.Rxe2 Ba6 28.Re1 Bb7 29.c5
axb4 30.axb4 Ba6 31.Qf4 Bb5 32.Ra1 Qe7 33.Qd4 Re8 34.h3 g5 35.Ra5 Bd7 36.Ra7
Qe1+ 37.Kh2 {#r} 1-0

[Event "It (sheveningen)"]
[Site "masterchessopen.com Budapest (Hungary)"]
[Round "0"]
[White "Kiss Emese (HUN)"]
[Black "Harmatosi Jozsef (HUN)"]
[Result "1/2-1/2"]
[WhiteElo "2088"]
[BlackElo "2249"]

1.d4 Nf6 2.c4 e6 3.Nc3 Bb4 4.Qc2 d6 5.Nf3 Nbd7 6.Bg5 b6 7.e3 Bb7 8.Be2 h6
9.Bh4 g5 10.Bg3 Ne4 11.a3 Bxc3+ 12.bxc3 Qe7 13.Qb2 O-O-O 14.a4 a5 15.Bd3 e5
16.Bc2 f5 17.O-O-O f4 18.exf4 exf4 19.Rde1 fxg3 20.hxg3 Ndf6 21.Nd2 Qd7
22.Nxe4 Nxe4 23.Bxe4 Bxe4 24.Rxe4 Qxa4 25.d5 Rde8 26.Rhe1 Rxe4 27.Rxe4 Re8
28.Rxe8+ Qxe8 29.Qc2 Qe5 30.Kd2 Qe8 31.Kd1 a4 32.Qb1 a3 33.Qb3 Qe4 34.Qxa3
Qxg2 35.Qa8+ Kd7 36.Qc6+ Kd8 37.Qa8+ Ke7 38.Qc8 Qf1+ 39.Kc2 Qxf2+ 40.Kb3 Qxg3
41.Qe6+ Kd8 42.Qg8+ {#d} 1/2-1/2

[Event "It (open) \"]
[Site "masterchessopen.com Kavala (Greece)"]
[Date "1998.08.18"]
[Round "8"]
[White "Paunovic Tomislav (SRB)"]
[Black "Mijailovic Zoran (SRB)"]
[Result "1/2-1/2"]
[WhiteElo "2370"]
[BlackElo "2425"]

1.d4 Nf6 2.c4 e6 3.Nc3 Bb4 4.Qc2 d6 5.Nf3 Nbd7 6.Bg5 c5 7.e3 cxd4 8.exd4 b6
9.Be2 Bxc3+ 10.bxc3 O-O 11.O-O Qc7 12.Nd2 Bb7 13.Rfc1 Rfc8 14.a4 a5 15.f3 Ba6
16.Bf1 Qc6 17.Bh4 d5 18.cxd5 exd5 19.Bxa6 Rxa6 20.Qb3 Raa8 21.c4 {#d} 1/2-1/2

[Event "Cup Russia (final)"]
[Site "masterchessopen.com Ekaterinburg (Russia)"]
[Round "3"]
[White "Kiriakov Petr (RUS)"]
[Black "Rashkovsky Nukhim N (RUS)"]
[Result "1/2-1/2"]
[WhiteElo "2554"]
[BlackElo "2513"]

1.d4 Nf6 2.c4 e6 3.Nc3 Bb4 4.Qc2 d6 5.Bg5 h6 6.Bh4 Nbd7 7.e3 Qe7 8.Ne2 e5 9.a3
Bxc3+ 10.Nxc3 g5 11.dxe5 Nxe5 12.Bg3 Bd7 13.O-O-O O-O-O 14.Kb1 {#d} 1/2-1/2

[Event "Bundesliga (2nd) North 1999/00"]
[Site "masterchessopen.com Germany"]
[Round "0"]
[White "Pajeken Wolfgang (GER)"]
[Black "Meier Volker (GER)"]
[Result "1/2-1/2"]
[WhiteElo "2314"]
[BlackElo "2305"]

1.d4 Nf6 2.c4 e6 3.Nc3 Bb4 4.Qc2 d6 5.a3 Bxc3+ 6.Qxc3 a5 7.b3 O-O 8.Nf3 b6
9.e3 Bb7 10.Bd3 Nbd7 11.Bb2 Qe7 12.O-O Bxf3 13.gxf3 e5 14.dxe5 dxe5 15.Bf5
Rfe8 16.b4 c5 17.b5 Nf8 18.Qc2 Ng6 19.Be4 Nxe4 20.Qxe4 Rad8 21.Rad1 Qe6 22.Qg4
f5 23.Qg5 Rxd1 24.Rxd1 Qxc4 25.Rd8 Qxb5 26.f4 h6 27.Qxg6 Rxd8 28.Qe6+ Kh8
29.Bxe5 Rd1+ 30.Kg2 Qf1+ 31.Kf3 Qh3+ 32.Ke2 Qh5+ 33.f3 Rg1 34.Kd3 b5 35.a4
bxa4 36.Kc4 a3 37.Kxc5 Rg2 38.e4 fxe4 39.f5 exf3 40.f6 gxf6 41.Qxf6+ Kg8
42.Qh8+ {#d} 1/2-1/2

[Event "Hessenliga 1998/99"]
[Site "masterchessopen.com Germany"]
[Round "0"]
[White "Krug Jochen (GER)"]
[Black "Schmitzer Horst (GER)"]
[Result "0-1"]
[WhiteElo "2091"]
[BlackElo "2252"]

1.d4 Nf6 2.c4 e6 3.Nc3 Bb4 4.Qc2 d6 5.Nf3 O-O 6.Nd2 Nc6 7.e3 e5 8.d5 Ne7 9.e4
Nh5 10.a3 Bxc3 11.Qxc3 f5 12.Bd3 Nf4 13.O-O c6 14.Re1 Qe8 15.f3 Qg6 16.Bf1
fxe4 17.fxe4 cxd5 18.cxd5 Bg4 19.Nc4 Nh3+ 20.gxh3 Rxf1+ 21.Kxf1 Rf8+ 22.Kg2
Bf3+ 23.Kf2 Qg2+ 24.Ke3 Bxe4 25.Re2 Nxd5+ 26.Kd2 Qg5+ {#R} 0-1

[Event "Ch Hungary (team) 1998/99"]
[Site "masterchessopen.com Hungary"]
[Round "0"]
[White "Varga Peter (HUN)"]
[Black "Dely Peter (HUN)"]
[Result "1-0"]
[WhiteElo "2491"]
[BlackElo "2391"]

1.d4 Nf6 2.c4 e6 3.Nc3 Bb4 4.Qc2 d6 5.Nf3 Nbd7 6.a3 Bxc3+ 7.Qxc3 b6 8.g3 Bb7
9.Bg2 O-O 10.O-O Qe7 11.b3 Rac8 12.Rd1 c5 13.Bb2 d5 14.cxd5 Bxd5 15.Rac1 Bb7
16.Qe3 h6 17.dxc5 Rxc5 18.Rxc5 Nxc5 19.Bxf6 Qxf6 20.b4 Ne4 21.Nd4 Qe5 22.f3
Qd6 23.fxe4 e5 24.Qd3 Qxd4+ 25.Qxd4 exd4 26.Rxd4 Re8 27.Bf3 Re7 28.Kf2 g6
29.Ke3 Kg7 30.h4 Bc8 31.Rd8 Be6 32.Kd4 Rc7 33.e5 Rc4+ 34.Kd3 Rc1 35.Ra8 Rd1+
36.Ke3 Rd7 37.a4 Rc7 38.a5 Rc3+ 39.Kd2 Rb3 40.Rxa7 Rxb4 41.a6 Ra4 42.Bc6 Ra5
43.Be4 Bc8 44.Bd3 Rxe5 45.Rc7 Bf5 46.a7 Ra5 47.e4 {#r} 1-0

[Event "It (open)"]
[Site "masterchessopen.com Linares (Spain)"]
[Round "6"]
[White "Borges Mateos Juan (CUB)"]
[Black "Bagaturov Giorgi (GEO)"]
[Result "1/2-1/2"]
[WhiteElo "2428"]
[BlackElo "2532"]

1.d4 Nf6 2.c4 e6 3.Nc3 Bb4 4.Qc2 d6 5.a3 Bxc3+ 6.Qxc3 O-O 7.Bg5 Nbd7 8.e3 b6
9.Bd3 Bb7 10.f3 h6 11.Bh4 c5 12.Ne2 Rc8 13.b4 d5 14.dxc5 bxc5 15.b5 dxc4
16.Bxc4 Nb6 17.Rd1 Qe7 18.O-O Rfd8 19.Rxd8+ Rxd8 20.e4 Qd7 21.Rc1 Qd2 22.Qxd2
Rxd2 23.Kf1 Nfd7 24.Bg3 Rb2 25.Bd3 c4 26.Bxc4 Nxc4 27.Rxc4 Rxb5 {#d} 1/2-1/2

[Event "Ch Poland (team) (2nd liga) North"]
[Site "masterchessopen.com Lublin (Poland)"]
[Round "1"]
[White "Jedynak Radoslaw (POL)"]
[Black "Chojnacki Krzysztof (POL)"]
[Result "0-1"]
[WhiteElo "2223"]
[BlackElo "2148"]

1.d4 Nf6 2.c4 e6 3.Nc3 Bb4 4.Qc2 d6 5.Bg5 c5 6.dxc5 dxc5 7.a3 Bxc3+ 8.Qxc3
Nbd7 9.e3 b6 10.Bd3 Bb7 11.f3 Qe7 12.Ne2 h6 13.Bh4 O-O-O 14.Bc2 g5 15.Bf2 g4
16.Bh4 gxf3 17.gxf3 Bxf3 18.Rf1 Bxe2 19.Kxe2 Qd6 20.Bg3 Qe7 21.Bh4 Qd6 22.Rf2
Ng4 23.Bxd8 Rxd8 24.Rg2 Nde5 25.h3 Nf6 26.Rd1 Qc7 27.Rxd8+ Kxd8 28.Kd1 Ke7
29.Kc1 Qc6 30.e4 Qd6 {#R} 0-1

[Event "It"]
[Site "masterchessopen.com Newport (Wales)"]
[Round "1"]
[White "Sheldon Ruth (ENG)"]
[Black "Panczyk Krzysztof (POL)"]
[Result "1-0"]
[WhiteElo "2310"]
[BlackElo "2333"]

1.d4 Nf6 2.c4 e6 3.Nc3 Bb4 4.Qc2 d6 5.a3 Bxc3+ 6.Qxc3 b6 7.Bg5 Bb7 8.Nf3 Nbd7
9.Nd2 Rc8 10.f3 h6 11.Bh4 O-O 12.e3 c5 13.Be2 d5 14.O-O cxd4 15.Qxd4 e5 16.Qd3
dxc4 17.Nxc4 Ba6 18.Rac1 Qc7 19.Qd2 Nc5 20.Qc2 Nd5 21.Bf2 Rfd8 22.b4 Nd7
23.Qb2 b5 24.Na5 Nc3 25.Kh1 Nb6 26.Be1 Nba4 27.Qb3 Qb6 28.Bxc3 Qxe3 29.Bxe5
Qxc1 30.h3 Qc2 31.Qe3 Qd2 32.Qe4 Nc3 33.Qg4 Qg5 34.f4 Qg6 35.Qxg6 fxg6 36.Bg4
Ra8 37.Bxc3 Bc8 38.Bf3 Rb8 39.Be5 Rb6 40.Bc7 Rd3 41.Bxb6 axb6 42.Nc6 {#r} 1-0

[Event "Ch Europe (juniors) (under 20) (g)"]
[Site "masterchessopen.com Patras (Greece)"]
[Round "4"]
[White "Nill Jessica (GER)"]
[Black "Goletiani Rusudan (USA)"]
[Result "0-1"]
[WhiteElo "2168"]
[BlackElo "2386"]

1.d4 Nf6 2.c4 e6 3.Nc3 Bb4 4.Qc2 d6 5.a3 Bxc3+ 6.Qxc3 O-O 7.Nf3 Ne4 8.Qc2 f5
9.e3 Nd7 10.Bd3 Ndf6 11.h3 Qe8 12.b3 c6 13.O-O g5 14.Nd2 d5 15.Nxe4 dxe4
16.Be2 Qg6 17.f3 Qh6 18.fxe4 Nxe4 19.Bd3 Ng3 20.Rf3 Nh5 21.Bd2 Bd7 22.Raf1 Nf6
23.e4 f4 24.e5 Nh5 25.Be1 Kh8 26.Be2 Rg8 27.Rc3 Ng7 28.Bg4 Raf8 29.Rff3 Be8
30.g3 fxg3 31.Bxg3 Nf5 32.Bf2 Qg6 33.Bxf5 exf5 34.d5 h5 35.e6 h4 36.Bd4+ Kh7
37.Qf2 b6 38.Rc1 Qh6 39.Rxf5 g4 40.Be3 gxh3+ 41.Kh1 Rxf5 42.Qxf5+ Bg6 43.Bxh6
Bxf5 44.Bf4 cxd5 45.cxd5 Be4+ 46.Kh2 Bxd5 47.Rc7+ Kg6 48.Kxh3 Bxe6+ 49.Kxh4
Kf6 50.Bd6 Rg4+ 51.Kh5 Rg1 52.Kh4 Kg6 53.b4 Rg4+ 54.Kh3 Rd4+ 55.Kg3 Rxd6
56.Rxa7 Kf5 57.a4 Rd3+ 58.Kf2 Rb3 59.b5 Kf4 60.a5 Rb2+ 61.Ke1 Ke3 62.Kd1 Bf5
63.Re7+ Be4 {#R} 0-1

[Event "Match (team)"]
[Site "masterchessopen.com San Francisco (USA)"]
[Round "2"]
[White "Keatinge-Clay Adrian (USA)"]
[Black "Berry Jonathan (CAN)"]
[Result "0-1"]
[WhiteElo "2278"]
[BlackElo "2287"]

1.d4 Nf6 2.c4 e6 3.Nc3 Bb4 4.Qc2 d6 5.a3 Bxc3+ 6.Qxc3 c5 7.dxc5 dxc5 8.Nf3 O-O
9.e3 Re8 10.Ne5 Nbd7 11.f3 Nxe5 12.Qxe5 Nd7 13.Qg3 Qf6 14.Be2 b6 15.Rb1 e5
16.O-O Nf8 17.Bd2 Bf5 18.Rbd1 Bc2 19.Rc1 Bb3 20.Rc3 Rad8 21.Be1 Bd1 22.Bd3
Rxd3 23.Rxd3 Be2 24.Rd2 Bxf1 25.Kxf1 e4 26.f4 Ng6 27.Qf2 Ne7 28.Rd1 Nf5 29.Bc3
Qe6 30.Rd5 Ne7 31.f5 Qc6 32.Re5 f6 33.Re6 Qa4 34.Qf4 Qxc4+ 35.Kf2 Kf7 36.Qg4
Rd8 37.Qh5+ Kf8 38.Bxf6 gxf6 39.Qh6+ Ke8 40.Qg7 Rd2+ 41.Kg3 Qxe6 {#R} 0-1

[Event "Ch Russia (juniors) (under 16)"]
[Site "masterchessopen.com Serpukhov (Russia)"]
[Round "3"]
[White "Makarov Anton (RUS)"]
[Black "Spirin Oleg (RUS)"]
[Result "0-1"]
[WhiteElo "2142"]
[BlackElo "2234"]

1.d4 Nf6 2.c4 e6 3.Nc3 Bb4 4.Qc2 d6 5.Nf3 O-O 6.Bg5 Nbd7 7.e4 h6 8.Bh4 Bxc3+
9.bxc3 e5 10.Bd3 Qe7 11.O-O b6 12.Rab1 Bb7 13.c5 Rfe8 14.cxd6 cxd6 15.Rfe1
Rac8 16.Bb5 g5 17.Nxg5 hxg5 18.Bxg5 Bc6 19.Bxc6 Rxc6 20.d5 Rc7 21.Re3 Nf8
22.Rg3 Kh8 23.Bh6 Ng6 24.Bg5 Nf8 25.Re1 N8h7 26.Rh3 Rg8 27.f4 Rg6 28.Qf2 exf4
29.Qh4 Rxg5 30.Qxg5 Qe5 31.Qh6 Rxc3 32.Qf8+ Ng8 33.Qxf7 Rxh3 34.gxh3 Ng5
35.Qh5+ Kg7 36.Kh1 Nf6 37.Qh4 Nf3 38.Rg1+ Nxg1 39.Kxg1 Qd4+ 40.Kf1 Qd1+ {#R}
0-1

[Event "Ch Lithuania"]
[Site "masterchessopen.com Vilnius (Lithuania)"]
[Round "0"]
[White "Grigutavicius Dainius (LTU)"]
[Black "Linauskas Dainius (LTU)"]
[Result "1/2-1/2"]
[WhiteElo "2176"]
[BlackElo "2321"]

1.d4 Nf6 2.c4 e6 3.Nc3 Bb4 4.Qc2 d6 5.Nf3 Nbd7 6.e4 e5 7.dxe5 dxe5 8.Bd2 c6
9.a3 Be7 10.Be2 O-O 11.O-O a5 12.Rfd1 Qc7 13.b3 Re8 14.h3 Nc5 15.Be3 Ne6
16.Qb2 Bf8 17.b4 axb4 18.axb4 Rxa1 19.Rxa1 b6 20.Na4 Nd7 21.b5 cxb5 22.Qxb5
Nec5 23.Nc3 Bb7 24.Nd2 Bc6 25.Nd5 Qb7 26.Qb1 {#d} 1/2-1/2

[Event "It (open)"]
[Site "masterchessopen.com Bad Wiessee (Germany)"]
[Round "8"]
[White "Savchenko Stanislav (UKR)"]
[Black "Vukovic Ivo (CRO)"]
[Result "1-0"]
[WhiteElo "2579"]
[BlackElo "2272"]

1.d4 Nf6 2.c4 e6 3.Nc3 Bb4 4.Qc2 d6 5.Bg5 Nbd7 6.e3 c6 7.Bd3 Qa5 8.Bh4 e5
9.Ne2 O-O 10.O-O Bxc3 11.Nxc3 Re8 12.Rae1 g6 13.f4 exd4 14.exd4 Rxe1 15.Bxe1
Qb6 16.Bf2 d5 17.f5 Kg7 18.c5 Qd8 19.Bh4 Qf8 20.Ne2 Qe8 21.Qd2 b6 22.Qf4 Ng8
23.cxb6 axb6 24.Nc3 b5 25.a3 f6 26.Re1 Qf7 27.fxg6 hxg6 28.Qc7 Ne5 29.Bxf6+
Nxf6 30.Qxe5 Bd7 31.Qg5 Nh7 32.Qe5+ Nf6 33.Rf1 Qe6 34.Qxe6 Bxe6 35.Re1 Bd7
36.Re7+ Kf8 37.Re5 Kf7 38.Ne2 b4 39.Nf4 bxa3 40.Bxg6+ Kf8 41.bxa3 Rxa3 42.h3
Ra4 43.Ne2 Bc8 44.Bd3 Kf7 45.g4 Ba6 46.Bxa6 Rxa6 47.Nf4 Ne4 48.g5 Ra3 49.Rf5+
Kg7 50.g6 Kg8 51.h4 Rc3 52.h5 Rg3+ 53.Kh2 Rg5 54.Rxg5 Nxg5 55.Kg3 Kg7 56.Kg4
Ne4 57.Kf5 c5 58.Ne6+ Kh6 59.dxc5 Ng3+ 60.Ke5 d4 61.g7 Kh7 62.c6 {#r} 1-0

[Event "Ch Spain (team)"]
[Site "masterchessopen.com Barcelona (Spain)"]
[Round "8"]
[White "Narciso Dublan Marc (ESP)"]
[Black "Corral Blanco Juan Antonio (ESP)"]
[Result "1-0"]
[WhiteElo "2507"]
[BlackElo "2464"]

1.d4 Nf6 2.c4 e6 3.Nc3 Bb4 4.Qc2 d6 5.Bg5 h6 6.Bh4 Nbd7 7.e3 Bxc3+ 8.Qxc3 Qe7
9.Bd3 b6 10.Ne2 Bb7 11.f3 c5 12.O-O O-O 13.Rad1 Rfc8 14.e4 cxd4 15.Qxd4 e5
16.Qf2 g5 17.Bg3 Nc5 18.Qe3 Nh5 19.b3 Nf4 20.Bb1 Nxe2+ 21.Qxe2 a6 22.Rd2 Bc6
23.Rfd1 Rd8 24.Bf2 a5 25.Be3 Rab8 26.Qf2 Rd7 27.Bc2 Rdd8 28.a3 Qc7 29.b4 axb4
30.axb4 Ne6 31.Bb3 Nf4 32.h4 Kg7 33.hxg5 hxg5 34.Bxf4 gxf4 35.Qh4 Rd7 36.Qg5+
Kf8 37.Qh6+ Ke7 38.Qg5+ Kf8 39.Qh6+ Ke7 40.Qg7 Rf8 41.c5 bxc5 42.bxc5 Qa7
43.Rc1 Ke8 44.Rxd6 Rxd6 45.Qxe5+ Qe7 46.Qxd6 Qxd6 47.cxd6 Kd7 48.e5 f6 49.e6+
Kxd6 50.Rxc6+ {#r} 1-0

[Event "It (open)"]
[Site "masterchessopen.com Frankfurt (Germany)"]
[Round "1"]
[White "Hartmann Gerald (GER)"]
[Black "Kunz Konstantin (GER)"]
[Result "0-1"]
[WhiteElo "2285"]
[BlackElo "2186"]

1.d4 Nf6 2.c4 e6 3.Nc3 Bb4 4.Qc2 d6 5.Nf3 Nbd7 6.e4 Bxc3+ 7.bxc3 e5 8.Ba3 Qe7
9.Bd3 c5 10.O-O h6 11.Nh4 g6 12.f4 Ng4 13.g3 Ne3 14.Qd2 Nxf1 15.Rxf1 Nb6
16.fxe5 Bh3 17.exd6 Qxd6 18.e5 Qc7 19.Rf6 Nd7 20.Nxg6 Nxf6 21.Nxh8 Ng4 22.Bxc5
Qc6 23.Qe2 h5 24.Be4 Qh6 25.Bg2 Qc1+ 26.Bf1 Ne3 27.Nxf7 Bxf1 28.Nd6+ Kd7
29.Ba3 Bxe2+ 30.Bxc1 Nxc4 31.Nxb7 Rf8 32.Nc5+ Kc6 33.Bf4 Bg4 34.Nd3 Kd5 35.Kg2
a5 36.h3 Bc8 37.Bh6 Rf7 38.Nf4+ Ke4 39.e6 Rb7 40.g4 h4 41.d5 Rb2+ 42.Kg1 Ne3
43.d6 Kf3 44.Nd3 Rb1+ 45.Kh2 Nf1+ 46.Kg1 Ng3+ 47.Nc1 Rb2 {#R} 0-1

[Event "Ch Germany (juniors) (under 10)"]
[Site "masterchessopen.com Germany"]
[Round "10"]
[White "Fischer Sven"]
[Black "Miclea Sebastian Marius"]
[Result "1-0"]
[WhiteElo "1028"]
[BlackElo "638"]

1.d4 Nf6 2.c4 e6 3.Nc3 Bb4 4.Qc2 d6 5.Bg5 Nbd7 6.e3 h6 7.Bh4 b6 8.Bd3 Bb7 9.f3
Qe7 10.Ne2 O-O 11.e4 a5 12.O-O Bxc3 13.Qxc3 e5 14.d5 Rac8 15.Qd2 Nc5 16.Ng3
Nxd3 17.Qxd3 Qd8 18.Nh5 g5 19.Nxf6+ Qxf6 20.Be1 Ba6 21.b3 c6 22.Bc3 Qg6 23.Bb2
cxd5 24.Qxd5 Qe6 25.Rad1 Qxd5 26.Rxd5 Rfd8 27.Rfd1 Rc6 28.Bxe5 Bb7 29.Rxd6
Rcxd6 30.Rxd6 Rxd6 31.Bxd6 g4 32.Bc7 f5 33.exf5 gxf3 34.gxf3 Bxf3 35.Bxb6 Be4
36.Bxa5 Bxf5 37.Kf2 Bb1 38.b4 Bxa2 39.c5 Bc4 40.Ke3 Kf7 41.c6 Ke8 42.Kd4 Ba6
43.Kc5 h5 44.Kb6 Bc8 45.Kc7 Bg4 46.b5 h4 47.Kb8 Ke7 48.c7 Kd6 49.c8=Q Bxc8
50.Kxc8 Kc5 51.b6 h3 {#r} 1-0

[Event "Ch Ukraine (juniors) (under 20) (g)"]
[Site "masterchessopen.com Kharkov (Ukraine)"]
[Round "0"]
[White "Cherednichenko Svetlana (UKR)"]
[Black "Maiko Julia (UKR)"]
[Result "0-1"]
[WhiteElo "2171"]
[BlackElo "2189"]

1.d4 Nf6 2.c4 e6 3.Nc3 Bb4 4.Qc2 d6 5.Bg5 Nbd7 6.Nf3 b6 7.e4 h6 8.Bh4 g5 9.Bg3
Bb7 10.Bd3 Qe7 11.Nd2 Bxc3 12.Qxc3 c5 13.f3 Rd8 14.O-O-O cxd4 15.Qxd4 Nc5
16.Bc2 e5 17.Qe3 Bc6 18.Bf2 Qc7 19.h4 Rg8 20.hxg5 hxg5 21.Rh6 Qe7 22.Nf1 Bd7
23.Ng3 Be6 24.Qc3 Nfd7 25.Kb1 f6 26.b3 Nf8 27.Qd2 Ng6 28.Nh5 Rh8 29.Rxh8+ Nxh8
30.Be3 Nf7 31.b4 Nb7 32.Bb3 Kf8 33.Rh1 Rc8 34.Qd3 Kg8 35.g4 Kf8 36.Qe2 Nbd8
37.Ng3 Nc6 38.a3 Ke8 39.Rh7 Kd7 40.Qh2 Rf8 41.Qh5 Qe8 42.Qg6 Kc8 43.Qxf6 Nfd8
44.Qxg5 Rxf3 45.Nf5 Qf8 46.Kb2 Bxf5 47.gxf5 Nd4 48.Bxd4 exd4 49.Qh4 Rd3
50.Rxa7 {#R} 0-1

[Event "Ch Serbia"]
[Site "masterchessopen.com Kragujevac (Yugoslavia)"]
[Round "2"]
[White "Miljkovic Miroslav (SRB)"]
[Black "Mijailovic Zoran (SRB)"]
[Result "0-1"]
[WhiteElo "2285"]
[BlackElo "2399"]

1.d4 Nf6 2.c4 e6 3.Nc3 Bb4 4.Qc2 d6 5.a3 Bxc3+ 6.Qxc3 Nbd7 7.Bg5 c5 8.Nf3 O-O
9.e3 b6 10.Be2 Bb7 11.Bxf6 Qxf6 12.O-O Rac8 13.Rac1 Rfd8 14.Rfd1 d5 15.dxc5
Qxc3 16.Rxc3 dxc4 17.Rxc4 Nxc5 18.Rcd4 Rxd4 19.Nxd4 Na4 20.b3 Nc3 21.Rc1 e5
22.Bg4 Rc7 23.Nc2 f5 {#R} 0-1

[Event "Ch St. Petersburg"]
[Site "masterchessopen.com St. Petersburg (Russia)"]
[Round "6"]
[White "Ivanov Sergey_ (RUS)"]
[Black "Chepukaitis Genrikh (RUS)"]
[Result "0-1"]
[WhiteElo "2574"]
[BlackElo "2424"]

1.d4 Nf6 2.c4 e6 3.Nc3 Bb4 4.Qc2 d6 5.Bg5 O-O 6.a3 Bxc3+ 7.Qxc3 Nbd7 8.e3 b6
9.Bd3 Bb7 10.f3 h6 11.Bh4 Rc8 12.Ne2 c5 13.Qb3 d5 14.cxd5 Bxd5 15.Qd1 cxd4
16.Nxd4 Ne5 17.Ba6 Bc4 18.Bxc8 Nd3+ 19.Kd2 Ne4+ 20.fxe4 Qxh4 21.b3 Nf2 22.Qf3
Nxe4+ 23.Kc2 Bd5 24.Ba6 Nc5 25.Qe2 e5 26.Nf3 Qe4+ 27.Kb2 Nxa6 28.Nd2 Qxg2
29.Qxg2 Bxg2 30.Rhg1 Bd5 31.b4 Nc7 32.Rac1 Ne6 33.Nc4 Bxc4 34.Rxc4 Rd8 35.Kc2
Kf8 36.a4 Ke7 37.a5 bxa5 38.bxa5 Rd5 39.Ra1 g5 40.a6 f5 41.Rb1 Ra5 42.Rb7+ Kd6
43.Rxa7 Nc5 44.Rb4 Kc6 45.Rh7 Nxa6 46.Rxh6+ Kd5 47.e4+ fxe4 48.Rb2 Nc5 49.Kd2
Ra3 50.Ke2 Nb3 51.Kf2 Nd4 52.Kg2 e3 53.Rf6 e2 54.Rb1 Ke4 55.Kf2 Rh3 56.Rh1 g4
57.Rg6 Rf3+ 58.Kg2 Kf5 59.Rb6 Nc2 60.Rbb1 Ne3+ {#R} 0-1

[Event "Ch France (accession)"]
[Site "masterchessopen.com Vichy (France)"]
[Round "5"]
[White "Touzane Olivier (FRA)"]
[Black "Salaun Yann (FRA)"]
[Result "1/2-1/2"]
[WhiteElo "2382"]
[BlackElo "2396"]

1.d4 e6 2.c4 Nf6 3.Nc3 Bb4 4.Qc2 d6 5.a3 Bxc3+ 6.Qxc3 Ne4 7.Qc2 f5 8.Nh3 Nc6
9.f3 Nf6 10.e3 O-O 11.b4 e5 12.b5 Ne7 13.dxe5 dxe5 14.Nf2 Ng6 15.Be2 Nd7
16.O-O Nc5 17.a4 Qg5 18.Nh3 Qe7 19.f4 a5 20.Ba3 b6 21.Bf3 e4 22.Bh5 Nh4 23.Qf2
h6 24.Qg3 Be6 25.Ng5 hxg5 26.fxg5 g6 27.Be2 f4 28.Qxh4 f3 29.gxf3 exf3 30.Bxf3
Rad8 31.Qh6 Qh7 32.Qxh7+ Kxh7 33.Bxc5 bxc5 34.Be2 Rf5 35.Rxf5 Bxf5 36.Rd1
Rxd1+ 37.Bxd1 Kg7 38.Kf2 Bd3 39.Bb3 Kf7 40.Kf3 Ke6 41.Kf4 Kd6 42.h3 Ke6 43.h4
Kd6 44.e4 Ke6 45.e5 Kf7 46.Kf3 Ke6 47.Ke3 Bf5 48.Kf4 Bd3 49.Bd1 Bxc4 50.h5
gxh5 51.Bxh5 Ke7 52.g6 Bg8 53.Bg4 Bb3 54.Kg5 c4 55.g7 c3 56.Bd1 Bg8 57.Bc2 Kf7
58.Kh6 Ke6 59.Bh7 Kxe5 60.Bb1 Kd4 61.Kg5 Kc4 62.Bc2 Kd5 63.Kf6 Kd6 64.Be4 Kd7
65.Bf5+ Kd6 66.Be4 Kd7 67.Bf5+ {#d} 1/2-1/2

[Event "It (open)"]
[Site "masterchessopen.com Wiesbaden (Germany)"]
[Round "3"]
[White "Nagel Bernhard (GER)"]
[Black "Biesiada Wolfgang (GER)"]
[Result "1-0"]
[WhiteElo "2205"]
[BlackElo "1934"]

1.d4 e6 2.c4 Nf6 3.Nc3 Bb4 4.Qc2 d6 5.Bg5 O-O 6.e3 c5 7.dxc5 dxc5 8.Bd3 h6
9.Bh4 Nc6 10.O-O-O Qe7 11.Ne4 g5 12.Bg3 e5 13.Nxf6+ Qxf6 14.Nf3 h5 15.h4 g4
16.Ng5 Qh6 17.Be4 f5 18.Bxc6 Qxc6 19.Bxe5 Qe8 20.Bc3 Be6 21.Rd6 Bd7 22.Rh6
{#r} 1-0

[Event "Ch Argentina (1/2 final)"]
[Site "masterchessopen.com Buenos Aires (Argentina)"]
[Round "3"]
[White "Nedilsky Diego (ARG)"]
[Black "Julia Ernesto (ARG)"]
[Result "1-0"]
[WhiteElo "2314"]
[BlackElo "2410"]

1.d4 Nf6 2.c4 e6 3.Nc3 Bb4 4.Qc2 d6 5.Nf3 c5 6.a3 Bxc3+ 7.Qxc3 cxd4 8.Nxd4 e5
9.Nc2 Qc7 10.Ne3 b6 11.g3 Bb7 12.Bg2 Bxg2 13.Nxg2 Nbd7 14.Ne3 O-O 15.O-O Rfe8
16.Rd1 Rac8 17.Bd2 Ne4 18.Qc2 Ndf6 19.Bb4 b5 20.Rac1 Qb6 21.Be1 bxc4 22.Nxc4
Qb5 23.Qd3 d5 24.Ne3 Qxd3 25.exd3 Ng5 26.Kg2 g6 27.Bb4 Rb8 28.Rc7 d4 29.Nc4
Nd5 30.Rxa7 Nxb4 31.axb4 Rxb4 32.h4 Ne6 33.Nxe5 Rxb2 34.Nxf7 Rf8 35.Nh6+ Kh8
36.Rf7 Rxf7 37.Nxf7+ Kg7 38.Ng5 Nc5 39.Ne4 Ne6 40.Rc1 h6 41.Rc6 Kf7 42.Kf3 Ra2
43.Nd6+ Ke7 44.Nc4 Kf6 45.g4 Ra1 46.Ke4 Re1+ 47.Kd5 h5 48.gxh5 gxh5 49.Ne3
{#r} 1-0

[Event "It (open)"]
[Site "masterchessopen.com Bunratty (Ireland)"]
[Round "2"]
[White "Cooper Andrew (HKG)"]
[Black "Turner Matthew (ENG)"]
[Result "0-1"]
[WhiteElo "2182"]
[BlackElo "2502"]

1.d4 Nf6 2.c4 e6 3.Nc3 Bb4 4.Qc2 d6 5.Bg5 O-O 6.g3 h6 7.Bf4 Nc6 8.Nf3 Nxd4
9.Nxd4 e5 10.Be3 exd4 11.Bxd4 Be6 12.Qb3 c5 13.Bxf6 Qxf6 14.Bg2 Rab8 15.Bd5
Bxd5 16.cxd5 Rfe8 17.e3 Bxc3+ 18.bxc3 Re5 19.O-O h5 20.h4 Qf3 21.c4 Rbe8
22.Qxb7 g5 23.hxg5 h4 24.Qd7 hxg3 25.Rab1 Rxg5 26.Qxe8+ Kg7 {#R} 0-1

[Event "It (open)"]
[Site "masterchessopen.com Bunratty (Ireland)"]
[Round "4"]
[White "Kelly Brian (IRL)"]
[Black "Turner Matthew (ENG)"]
[Result "1/2-1/2"]
[WhiteElo "2445"]
[BlackElo "2502"]

1.d4 Nf6 2.c4 e6 3.Nc3 Bb4 4.Qc2 d6 5.a3 Bxc3+ 6.Qxc3 O-O 7.Nf3 b6 8.g3 Nbd7
9.Bg2 Bb7 10.O-O Be4 11.b4 Qe7 12.Bb2 c5 13.Rfd1 Rac8 14.Rac1 d5 15.dxc5 bxc5
16.cxd5 Bxd5 17.b5 Nb6 18.Ba1 Bc4 19.Rb1 Bxe2 20.Re1 Bxf3 21.Bxf3 Rfd8 22.Rbd1
h6 23.Bc6 Rxd1 24.Rxd1 Rd8 25.Rxd8+ Qxd8 26.Qc2 Qd6 27.a4 Nc8 28.Bf3 Nd5
29.Bd4 cxd4 30.Qxc8+ Kh7 31.Qb7 Nc3 32.Qxa7 d3 33.b6 d2 34.b7 Qd3 35.Qe3 Qb1+
36.Kg2 d1=Q 37.Bxd1 Qxb7+ 38.Bf3 Qb4 {#d} 1/2-1/2

[Event "It (open)"]
[Site "masterchessopen.com Bydgoszcz (Poland)"]
[Round "8"]
[White "Popov Valerij (RUS)"]
[Black "Eingorn Vereslav S (UKR)"]
[Result "1/2-1/2"]
[WhiteElo "2578"]
[BlackElo "2601"]

1.d4 Nf6 2.c4 e6 3.Nc3 Bb4 4.Qc2 d6 5.a3 Bxc3+ 6.Qxc3 Nbd7 7.Nf3 a5 8.Bg5 b6
9.Nd2 Bb7 10.f3 h6 11.Bh4 c5 12.e4 O-O 13.d5 exd5 14.Bxf6 {#d} 1/2-1/2